Contemporary Botanical Illustration With The Eden Project (Record no. 5461)

MARC details
000 -LEADER
fixed length control field 00395nam a2200157Ia 4500
008 - FIXED-LENGTH DATA ELEMENTS--GENERAL INFORMATION
fixed length control field 220524s9999 xx 000 0 und d
041 ## - LANGUAGE CODE
Language code of text/sound track or separate title eng
082 ## - DEWEY DECIMAL CLASSIFICATION NUMBER
Classification number ---
100 ## - MAIN ENTRY--PERSONAL NAME
Personal name Martin R. & Thurstan M.
9 (RLIN) 3659
245 ## - TITLE STATEMENT
Title Contemporary Botanical Illustration With The Eden Project
260 ## - PUBLICATION, DISTRIBUTION, ETC. (IMPRINT)
Name of publisher, distributor, etc. Batsford
Date of publication, distribution, etc. 2008
300 ## - PHYSICAL DESCRIPTION
Extent 144p
650 ## - SUBJECT ADDED ENTRY--TOPICAL TERM
Topical term or geographic name as entry element Illustration
9 (RLIN) 3660
906 ## - LOCAL DATA ELEMENT F, LDF (RLIN)
a 767
Holdings
Withdrawn status Lost status Source of classification or shelving scheme Damaged status Not for loan Home library Current library Date acquired Vendor Cost, normal purchase price Barcode Date last seen Cost, replacement price Bill Date Koha item type Original Barcode
    Dewey Decimal Classification     School of Fashion Technology School of Fashion Technology 18/08/2012 Honesty Sub. Agency 1638.00 SOFT-BK-766 08/07/2022 1638.00 08/07/2022 Books 000766